| 000 | 00508nam a22001817a 4500 | ||
|---|---|---|---|
| 003 | CEME | ||
| 005 | 20210628202621.0 | ||
| 008 | 210210b xxu||||| |||| 00| 0 eng d | ||
| 020 | _a81-7808-041-9 | ||
| 040 | _c. | ||
| 082 | _a005.16 JAL | ||
| 100 |
_aJalote, Pankaj _960760 |
||
| 245 | _aCmm in practice processes for executing software projects at infosys | ||
| 260 |
_aINDIA _bPEARSON EDUCATION ASIA _c2002 |
||
| 300 | _aXIII,372P | ||
| 650 |
_aSOFTWARE PROJECTS AT INFOSYS _960761 |
||
| 942 |
_cBK _2ddc |
||
| 999 |
_c570410 _d570410 |
||